Réfs de Friends - G - Statistiques

Statistiques générales
  • Ce quiz a été pris 208 fois
  • Le résultat moyen est 7 sur 16
Statistiques - réponses
Par images Hint Réponse % Correct
Nom Geller
98%
Instrument qu'elle joue Guitare
98%
Nom Green
94%
Prénom Gunther
91%
Surnom du voisin Gros tout nu
81%
Prénom Gary
61%
Sujet de "drague" Gaz
44%
Nom de la peinture Gladys
40%
Mouvement Génuflexion
24%
Prénom Gavin
23%
Premier mot d'Emma Gleba
18%
Prénom Gert
14%
Lieu où elle va aller tourner un film Guadalajara
14%
Prénom Gloria
11%
Prénom Ginger
8%
Nom du pédiatre de Ross Dr {Gettleman}
1%
Aucun quiz correspondant
Distribution des résultats
% des personnes avec chaque résultat
Percentile par nombre de réponses
Votre historique - résultats
Vous n’avez pas pris ce quiz